| 000 | 00844nam a2200253 i 4500 | ||
|---|---|---|---|
| 001 | 32864 | ||
| 003 | ES-MaACL | ||
| 005 | 20251009185114.0 | ||
| 007 | t| | ||
| 008 | 140122s1984 sp ||||1| spa d | ||
| 020 | _a84-01-90537-0 | ||
| 080 | _a821.134.2-83"15" | ||
| 100 | 1 |
_aValdés, Juan de, _dca. 1509-1542 _9154741 |
|
| 245 | 1 | 0 |
_aDiálogo de la lengua / _cJuan de Valdés ; edición de Antonio Quilis. |
| 250 | _a1ª ed. | ||
| 260 |
_a[Esplugues de Llobregat, Barcelona] : _bPlaza & Janés, _c1984. |
||
| 300 |
_a252 p. ; _c18 cm. |
||
| 490 | 1 |
_aClásicos Plaza & Janés ; _v18 |
|
| 650 | 0 | 7 |
_aLengua española _2embne _914115 |
| 700 | 1 |
_aQuilis, Antonio, _d1933-2003 _994630 |
|
| 830 | 0 |
_aClásicos Plaza & Janés ; _v18 _9181457 |
|
| 852 |
_aES-MaACL _jL-29945 _z.- Donat. Miguel A. Velasco |
||
| 999 |
_c32864 _d32864 |
||